000
00316nam a2200121Ia 4500
008
241028s9999 xx 000 0 und d
041
_a
eng
082
_a
339 MAN
100
_a
Mankiw
245
_a
Principles Of Microeconomics With Mindtap
260
_b
Cengage Learning India
_a
Dehli
_c
2018
300
_a
464;. P. 25 cm
999
_c
43006
_d
43006